Historia de belgrano y de la independencia argentina /

Guardado en:
Autor Principal: Mitre, Bartolomé
Formato: Libro
Publicado: Buenos Aires : La Naci¢n, 1902
Edición:5a. ed.
Materias:
Etiquetas: Agregar Etiqueta
Sin Etiquetas, Sea el primero en etiquetar este registro!
LEADER 00485nam a22001695a 4500
001 CEM.cems004457
005 20060216000000.0
008 130507s1902##################000#0#####d
003 CEMS
082 0 4 |a 982.03 
100 1 |a Mitre, Bartolomé 
245 1 0 |a Historia de belgrano y de la independencia argentina / 
250 |a 5a. ed. 
260 |a Buenos Aires :  |b La Naci¢n,  |c 1902 
300 |a 370 p. 
653 |a Historia 
859 |a CEMS  |b BIB. CEMS - 11 de abril  |h 982.03  |i M698ba5/IV  |p 10082.81  |t Ej.1